[Event "GBR-ch90"]
[Site "Edinburgh"]
[Date "2003.07.21"]
[Round "1.1"]
[White "Kotronias, Vasilios"]
[Black "McNab, Colin Anderson"]
[Result "1/2-1/2"]
[WhiteElo "2602"]
[BlackElo "2395"]
[PlyCount "84"]
[EventDate "2003.07.21"]
[EventType "swiss"]
[EventRounds "11"]
[EventCountry "GBR"]
[SourceTitle "BritBase"]
[Source "John Saunders"]
[SourceDate "2008.07.14"]
[SourceVersion "1"]
[SourceVersionDate "2008.07.14"]
[SourceQuality "2"]

1. e4 g6 2. d4 d6 3. Nc3 Bg7 4. f4 Nf6 5. Nf3 O-O 6. Be3 b6 7. Qd2 Bb7 8. Bd3
c5 9. d5 a6 10. a4 Nbd7 11. Rd1 Qc7 12. Bc4 b5 13. axb5 Nb6 14. Be2 axb5 15.
Bxb5 Ra5 16. Bd3 c4 17. Be2 Na4 18. Bd4 Nxc3 19. Qxc3 Nxe4 20. Qxc4 Qxc4 21.
Bxc4 Bxd4 22. Nxd4 Rc8 23. Bd3 Bxd5 24. O-O Ra2 25. b3 Nc5 26. Be2 Be4 27. Ra1
Rca8 28. Rxa2 Rxa2 29. Bd1 e5 30. Nb5 exf4 31. Nc3 Rb2 32. Rxf4 d5 33. Rf2 d4
34. Na4 Nxa4 35. bxa4 Rb1 36. Rd2 Bxc2 37. Rxc2 Rxd1+ 38. Kf2 Ra1 39. Rc4 Ra2+
40. Kf3 d3 41. Rd4 d2 42. a5 Rxa5 1/2-1/2

[Event "GBR-ch90"]
[Site "Edinburgh"]
[Date "2003.07.21"]
[Round "1.2"]
[White "Hunt, Adam C"]
[Black "Barua, Dibyendu"]
[Result "1-0"]
[WhiteElo "2395"]
[BlackElo "2561"]
[PlyCount "72"]
[EventDate "2003.07.21"]
[EventType "swiss"]
[EventRounds "11"]
[EventCountry "GBR"]
[SourceTitle "BritBase"]
[Source "John Saunders"]
[SourceDate "2008.07.14"]
[SourceVersion "1"]
[SourceVersionDate "2008.07.14"]
[SourceQuality "2"]

1. e4 e6 2. d4 d5 3. Nc3 Nf6 4. Bg5 dxe4 5. Nxe4 Be7 6. Bxf6 gxf6 7. Qd3 b6 8.
O-O-O Bb7 9. Nc3 a6 10. d5 exd5 11. Nxd5 Bxd5 12. Qxd5 Qxd5 13. Rxd5 Nd7 14.
Nf3 Bc5 15. Bd3 c6 16. Re1+ Kd8 17. Rh5 h6 18. Re2 Kc7 19. Bc4 Raf8 20. Bxa6 b5
21. a4 bxa4 22. Bc4 a3 23. bxa3 Bxa3+ 24. Kd2 Nb6 25. Bb3 Rd8+ 26. Kc3 c5 27.
Re7+ Rd7 28. Rxd7+ Nxd7 29. Bxf7 Kd6 30. Bc4 Bb4+ 31. Kd3 Ne5+ 32. Nxe5 fxe5
33. Rf5 Ba5 34. Rf6+ Kc7 35. Bd5 Rd8 36. Kc4 Bb6 1-0

[Event "GBR-ch90"]
[Site "Edinburgh"]
[Date "2003.07.21"]
[Round "1.3"]
[White "Conquest, Stuart"]
[Black "Al Rakib, Abdullah"]
[Result "1-0"]
[WhiteElo "2560"]
[BlackElo "2387"]
[PlyCount "77"]
[EventDate "2003.07.21"]
[EventType "swiss"]
[EventRounds "11"]
[EventCountry "GBR"]
[SourceTitle "BritBase"]
[Source "John Saunders"]
[SourceDate "2008.07.14"]
[SourceVersion "1"]
[SourceVersionDate "2008.07.14"]
[SourceQuality "2"]

1. e4 c6 2. c4 e5 3. Nf3 d6 4. d4 Nd7 5. Nc3 Ngf6 6. Be2 Be7 7. O-O Qc7 8. h3
Nf8 9. Be3 Ng6 10. Re1 O-O 11. b4 h6 12. Qb3 Nh7 13. b5 Ng5 14. dxe5 dxe5 15.
Rad1 Be6 16. Nxg5 Bxg5 17. Bc5 Be7 18. b6 axb6 19. Bxb6 Qc8 20. Na4 Re8 21. Bf1
Nf8 22. Be3 Nd7 23. Nb6 Nxb6 24. Bxb6 Ra3 25. Qb2 f6 26. Rd3 Qa8 27. Rxa3 Qxa3
28. Qxa3 Bxa3 29. Rb1 Ra8 30. Be3 Ra4 31. Rxb7 Bxc4 32. Ra7 Bb5 33. Bxb5 cxb5
34. Rxa4 bxa4 35. Kf1 Kf7 36. Ke2 Ke6 37. Kd3 Kd6 38. Kc4 Kc6 39. Bd2 1-0

[Event "GBR-ch90"]
[Site "Edinburgh"]
[Date "2003.07.21"]
[Round "1.4"]
[White "Hanley, Craig A"]
[Black "Harikrishna, Pentala"]
[Result "0-1"]
[WhiteElo "2387"]
[BlackElo "2558"]
[PlyCount "84"]
[EventDate "2003.07.21"]
[EventType "swiss"]
[EventRounds "11"]
[EventCountry "GBR"]
[SourceTitle "BritBase"]
[Source "John Saunders"]
[SourceDate "2008.07.14"]
[SourceVersion "1"]
[SourceVersionDate "2008.07.14"]
[SourceQuality "2"]

1. e4 e5 2. Nf3 Nc6 3. Bb5 a6 4. Ba4 Nf6 5. O-O Be7 6. Re1 b5 7. Bb3 d6 8. c3
O-O 9. h3 Nb8 10. d4 Nbd7 11. Nbd2 Bb7 12. Bc2 Re8 13. Nf1 Bf8 14. Ng3 g6 15.
b3 Bg7 16. d5 Qe7 17. c4 c6 18. Rb1 Rec8 19. Be3 a5 20. Bd3 bxc4 21. bxc4 Ba6
22. Re2 Nc5 23. Bxc5 dxc5 24. Rc2 cxd5 25. cxd5 c4 26. Bf1 Ne8 27. Rb6 Nd6 28.
Nd2 Bh6 29. Qb1 Qd8 30. Be2 Rcb8 31. Rxb8 Rxb8 32. Qa1 Nb5 33. Qxe5 Na3 34. Rb2
Rc8 35. Qd4 Nb5 36. Rxb5 Bxb5 37. Nxc4 Bg7 38. e5 Bxc4 39. Bxc4 Qc7 40. Bb3
Bxe5 41. Qg4 h5 42. Qe4 Bxg3 0-1

[Event "GBR-ch90"]
[Site "Edinburgh"]
[Date "2003.07.21"]
[Round "1.5"]
[White "Rowson, Jonathan"]
[Black "McDonald, Neil R"]
[Result "1-0"]
[WhiteElo "2536"]
[BlackElo "2384"]
[PlyCount "55"]
[EventDate "2003.07.21"]
[EventType "swiss"]
[EventRounds "11"]
[EventCountry "GBR"]
[SourceTitle "BritBase"]
[Source "John Saunders"]
[SourceDate "2008.07.14"]
[SourceVersion "1"]
[SourceVersionDate "2008.07.14"]
[SourceQuality "2"]

1. e4 e6 2. d4 d5 3. Nc3 Bb4 4. e5 Ne7 5. a3 Bxc3+ 6. bxc3 c5 7. Qg4 O-O 8. Bd3
Nbc6 9. Qh5 Ng6 10. Nf3 Qc7 11. h4 cxd4 12. Kd1 dxc3 13. Rh3 Nce7 14. Ng5 h6
15. Nf3 f5 16. Bxh6 gxh6 17. Qxh6 Rf7 18. Rg3 Rh7 19. Qg5 Qb6 20. Ke2 Bd7 21.
h5 Bb5 22. Rd1 Bxd3+ 23. Rxd3 Qb1 24. Nd4 f4 25. Rh3 Qc1 26. Qg4 f3+ 27. Rhxf3
Rf8 28. hxg6 1-0

[Event "GBR-ch90"]
[Site "Edinburgh"]
[Date "2003.07.21"]
[Round "1.7"]
[White "Motwani, Paul"]
[Black "Collins, Sam IRL"]
[Result "1-0"]
[WhiteElo "2525"]
[BlackElo "2381"]
[PlyCount "51"]
[EventDate "2003.07.21"]
[EventType "swiss"]
[EventRounds "11"]
[EventCountry "GBR"]
[SourceTitle "BritBase"]
[Source "John Saunders"]
[SourceDate "2008.07.14"]
[SourceVersion "1"]
[SourceVersionDate "2008.07.14"]
[SourceQuality "2"]

1. e4 c5 2. c3 Nf6 3. e5 Nd5 4. Nf3 e6 5. d4 cxd4 6. Bc4 d6 7. cxd4 Be7 8. O-O
O-O 9. Qe2 Nc6 10. Qe4 Re8 11. Re1 Nb6 12. Bd3 g6 13. Nc3 Nb4 14. Bb1 N4d5 15.
Qg4 Nxc3 16. bxc3 Qc7 17. h4 Nd7 18. h5 f5 19. Qg3 Kg7 20. hxg6 hxg6 21. Bxf5
exf5 22. exd6 Bxd6 23. Bh6+ Kxh6 24. Qh4+ Kg7 25. Rxe8 Nf8 26. Rae1 1-0

[Event "GBR-ch90"]
[Site "Edinburgh"]
[Date "2003.07.21"]
[Round "1.8"]
[White "Ansell, Simon T"]
[Black "Rahman, Ziaur"]
[Result "0-1"]
[WhiteElo "2379"]
[BlackElo "2521"]
[PlyCount "86"]
[EventDate "2003.07.21"]
[EventType "swiss"]
[EventRounds "11"]
[EventCountry "GBR"]
[SourceTitle "BritBase"]
[Source "John Saunders"]
[SourceDate "2008.07.14"]
[SourceVersion "1"]
[SourceVersionDate "2008.07.14"]
[SourceQuality "2"]

1. e4 d6 2. d4 Nf6 3. Nc3 g6 4. Nf3 c6 5. h3 Bg7 6. Be3 O-O 7. Qd2 b5 8. Bd3
Nbd7 9. O-O Bb7 10. e5 Ne8 11. Bh6 dxe5 12. dxe5 Nc5 13. Bxg7 Nxg7 14. Qh6 f6
15. Rad1 Qc7 16. b4 Nxd3 17. Rxd3 c5 18. exf6 Nf5 19. Qd2 Rxf6 20. Rd7 Qc8 21.
Nd5 Bxd5 22. Qxd5+ e6 23. Qd2 cxb4 24. Ne5 Qc3 25. Qxc3 bxc3 26. Rfd1 Rff8 27.
g4 Nh4 28. R1d3 b4 29. g5 Rf5 30. Ng4 Nf3+ 31. Kf1 Ne5 32. Nh6+ Kh8 33. Rd8+
Rf8 34. Rxa8 Rxa8 35. Re3 Nc6 36. Rxe6 Rc8 37. Re4 Rc7 38. f4 a5 39. Re6 Rc8
40. Rd6 a4 41. Rd1 b3 42. axb3 axb3 43. cxb3 c2 0-1

[Event "GBR-ch90"]
[Site "Edinburgh"]
[Date "2003.07.21"]
[Round "1.9"]
[White "Gallagher, Joseph G"]
[Black "Lee, Graham D"]
[Result "1-0"]
[WhiteElo "2520"]
[BlackElo "2360"]
[PlyCount "55"]
[EventDate "2003.07.21"]
[EventType "swiss"]
[EventRounds "11"]
[EventCountry "GBR"]
[SourceTitle "BritBase"]
[Source "John Saunders"]
[SourceDate "2008.07.14"]
[SourceVersion "1"]
[SourceVersionDate "2008.07.14"]
[SourceQuality "2"]

1. e4 c6 2. d4 d5 3. Nc3 dxe4 4. Nxe4 Nd7 5. Ng5 Ngf6 6. Bd3 e6 7. N1f3 h6 8.
Nxe6 Qe7 9. O-O fxe6 10. Bg6+ Kd8 11. Bf4 Nd5 12. Bg3 Qb4 13. Qe2 Ne7 14. c3
Qa5 15. b4 Qb5 16. Bd3 Qh5 17. Qxe6 Qd5 18. Qe2 Nf5 19. Bf4 Qf7 20. Bc4 Qg6 21.
Rad1 Qg4 22. Qd2 Nh4 23. Nxh4 Qxh4 24. d5 c5 25. Rfe1 g5 26. Bg3 Qxc4 27. Qe3
Nf6 28. Qe5 1-0

[Event "GBR-ch90"]
[Site "Edinburgh"]
[Date "2003.07.21"]
[Round "1.10"]
[White "Sowray, Peter J"]
[Black "Turner, Matthew J"]
[Result "1-0"]
[WhiteElo "2346"]
[BlackElo "2519"]
[PlyCount "97"]
[EventDate "2003.07.21"]
[EventType "swiss"]
[EventRounds "11"]
[EventCountry "GBR"]
[SourceTitle "BritBase"]
[Source "John Saunders"]
[SourceDate "2008.07.14"]
[SourceVersion "1"]
[SourceVersionDate "2008.07.14"]
[SourceQuality "2"]

1. d4 d5 2. c4 c6 3. Nf3 Nf6 4. e3 Bg4 5. h3 Bxf3 6. Qxf3 g6 7. Nc3 Bg7 8. Bd3
dxc4 9. Bxc4 Nbd7 10. O-O O-O 11. Rd1 e5 12. d5 e4 13. Nxe4 Nxe4 14. Qxe4 Nf6
15. Qf3 cxd5 16. Bb3 a5 17. Bd2 a4 18. Bc2 Qb6 19. Bc3 Rfc8 20. a3 Ne8 21. Qxd5
Bxc3 22. bxc3 Rxc3 23. Rab1 Qc6 24. Be4 Qxd5 25. Bxd5 Nc7 26. Rxb7 Nxd5 27.
Rxd5 Rxa3 28. Rdd7 Rf8 29. Ra7 Ra2 30. g4 g5 31. Kg2 Kg7 32. Rd4 Rc8 33. Rdxa4
Rxa4 34. Rxa4 Rc3 35. Kg3 Kg6 36. Ra6+ f6 37. h4 gxh4+ 38. Kxh4 Rc4 39. Ra5 Re4
40. Rd5 h6 41. Ra5 Re7 42. Ra3 Rh7 43. f4 h5 44. f5+ Kh6 45. Ra6 hxg4 46. Rxf6+
Kg7+ 47. Kg5 Rh1 48. Rg6+ Kf7 49. Kxg4 1-0

[Event "GBR-ch90"]
[Site "Edinburgh"]
[Date "2003.07.21"]
[Round "1.11"]
[White "Kunte, Abhijit"]
[Black "Mannion, Stephen"]
[Result "1-0"]
[WhiteElo "2515"]
[BlackElo "2339"]
[PlyCount "81"]
[EventDate "2003.07.21"]
[EventType "swiss"]
[EventRounds "11"]
[EventCountry "GBR"]
[SourceTitle "BritBase"]
[Source "John Saunders"]
[SourceDate "2008.07.14"]
[SourceVersion "1"]
[SourceVersionDate "2008.07.14"]
[SourceQuality "2"]

1. d4 Nf6 2. c4 c5 3. d5 b5 4. cxb5 a6 5. bxa6 g6 6. Nc3 Bxa6 7. Nf3 d6 8. e4
Bxf1 9. Kxf1 Nbd7 10. h3 Bg7 11. Kg1 O-O 12. Kh2 Qa5 13. Re1 Rfb8 14. Re2 Ne8
15. Rc2 Nc7 16. Bg5 Kf8 17. Qd2 Rxb2 18. Rxb2 Bxc3 19. Qc2 Bxb2 20. Qxb2 f6 21.
Bh6+ Ke8 22. a4 Rb8 23. Qc2 Na6 24. Bc1 Qb4 25. a5 Qb3 26. Qd2 Qc4 27. Qh6 Nf8
28. Bf4 Kf7 29. Re1 Rb4 30. Bd2 Rb3 31. Bf4 Rb4 32. Bg3 Kg8 33. e5 dxe5 34.
Nxe5 Qxd5 35. Nc6 Qg5 36. Qxg5 fxg5 37. Nxb4 cxb4 38. Rxe7 Nc5 39. Be5 Nfd7 40.
a6 Nb6 41. a7 1-0

[Event "GBR-ch90"]
[Site "Edinburgh"]
[Date "2003.07.21"]
[Round "1.12"]
[White "Gwaze, Robert"]
[Black "Summerscale, Aaron"]
[Result "0-1"]
[WhiteElo "2335"]
[BlackElo "2492"]
[PlyCount "110"]
[EventDate "2003.07.21"]
[EventType "swiss"]
[EventRounds "11"]
[EventCountry "GBR"]
[SourceTitle "BritBase"]
[Source "John Saunders"]
[SourceDate "2008.07.14"]
[SourceVersion "1"]
[SourceVersionDate "2008.07.14"]
[SourceQuality "2"]

1. e4 e6 2. d4 d5 3. e5 c5 4. c3 Nc6 5. Nf3 Bd7 6. Be2 Nge7 7. Na3 cxd4 8. cxd4
Nf5 9. Nc2 Qb6 10. O-O a5 11. Kh1 h5 12. Bd3 Be7 13. Bxf5 exf5 14. Bg5 Qxb2 15.
Rb1 Qxa2 16. Rxb7 Nd8 17. e6 fxe6 18. Rxd7 Bxg5 19. Rxg7 Bf6 20. Rc7 Qb3 21.
Qd2 Qb6 22. Rc3 Rh7 23. Re1 Raa7 24. Qf4 Rac7 25. Rxc7 Qxc7 26. Qxf5 Rf7 27.
Qg6 Kf8 28. Ne3 Qc3 29. Rd1 a4 30. Ng5 Bxg5 31. Qxg5 Ke8 32. Qxh5 a3 33. Qe2
Qb2 34. Rd2 Qb1+ 35. Nd1 Rc7 36. h3 Rc1 37. Kh2 Qb8+ 38. g3 Qb1 39. Qa6 a2 40.
Qa4+ Ke7 41. Qxa2 Qxa2 42. Rxa2 Rxd1 43. g4 Rxd4 44. Ra3 Nf7 45. Kg3 Ne5 46.
Ra7+ Kf6 47. Ra3 Rd3+ 48. Rxd3 Nxd3 49. f4 e5 50. fxe5+ Kxe5 51. h4 Nf4 52. Kf3
d4 53. h5 Ne6 54. Ke2 Ke4 55. Kd2 Ng5 0-1

[Event "GBR-ch90"]
[Site "Edinburgh"]
[Date "2003.07.21"]
[Round "1.13"]
[White "Pert, Nicholas"]
[Black "Webb, Laurence"]
[Result "1-0"]
[WhiteElo "2483"]
[BlackElo "2325"]
[PlyCount "89"]
[EventDate "2003.07.21"]
[EventType "swiss"]
[EventRounds "11"]
[EventCountry "GBR"]
[SourceTitle "BritBase"]
[Source "John Saunders"]
[SourceDate "2008.07.14"]
[SourceVersion "1"]
[SourceVersionDate "2008.07.14"]
[SourceQuality "2"]

1. d4 Nf6 2. Nf3 e6 3. c4 Bb4+ 4. Bd2 Qe7 5. g3 O-O 6. Bg2 Bxd2+ 7. Qxd2 d6 8.
Nc3 e5 9. O-O c6 10. e4 Nbd7 11. Nh4 Nb6 12. b3 a5 13. Rac1 c5 14. dxe5 dxe5
15. Rcd1 Bg4 16. Nf5 Bxf5 17. exf5 Rad8 18. Qe3 Rfe8 19. Rxd8 Rxd8 20. Re1 Re8
21. f4 e4 22. Nxe4 Nxe4 23. Qxe4 Qxe4 24. Rxe4 Rxe4 25. Bxe4 Nc8 26. Bxb7 Nd6
27. Bd5 Nxf5 28. Kf2 Kf8 29. Ke2 Ke7 30. Kd3 Nd4 31. Kc3 f5 32. a3 Ne2+ 33. Kd3
Nc1+ 34. Kc2 Ne2 35. b4 axb4 36. axb4 Kd6 37. Kb3 h6 38. Bg2 g5 39. fxg5 hxg5
40. b5 Kc7 41. h4 gxh4 42. gxh4 f4 43. Kb2 Nd4 44. h5 f3 45. Bh3 1-0

[Event "GBR-ch90"]
[Site "Edinburgh"]
[Date "2003.07.21"]
[Round "1.14"]
[White "Howell, David W"]
[Black "Wells, Peter K"]
[Result "1/2-1/2"]
[WhiteElo "2323"]
[BlackElo "2481"]
[PlyCount "85"]
[EventDate "2003.07.21"]
[EventType "swiss"]
[EventRounds "11"]
[EventCountry "GBR"]
[SourceTitle "BritBase"]
[Source "John Saunders"]
[SourceDate "2008.07.14"]
[SourceVersion "1"]
[SourceVersionDate "2008.07.14"]
[SourceQuality "2"]

1. e4 c6 2. d4 d5 3. exd5 cxd5 4. c4 Nf6 5. Nc3 e6 6. Nf3 Bb4 7. cxd5 Nxd5 8.
Qc2 Nc6 9. Be2 O-O 10. O-O Re8 11. a3 Bf8 12. Rd1 Bd7 13. Qe4 g6 14. Bg5 Qa5
15. Rac1 h6 16. Bd2 Qd8 17. Ne5 Nxe5 18. dxe5 Bc6 19. Qg4 Bg7 20. Qd4 Ne7 21.
Qxd8 Rexd8 22. f4 a6 23. Be3 Nf5 24. Bb6 Rxd1+ 25. Rxd1 g5 26. g3 gxf4 27. gxf4
f6 28. Bc7 Rc8 29. Bd6 fxe5 30. Bxe5 Bxe5 31. fxe5 Kf7 32. Kf2 Rg8 33. Bh5+ Ke7
34. Rg1 Rxg1 35. Kxg1 Ne3 36. Be2 Nd5 37. Nxd5+ exd5 38. Bg4 Bd7 39. Bf3 Ke6
40. Bg4+ Ke7 41. Bf3 Ke6 42. Bg4+ Ke7 43. Bf3 1/2-1/2

[Event "GBR-ch90"]
[Site "Edinburgh"]
[Date "2003.07.21"]
[Round "1.15"]
[White "Shaw, John Kerr"]
[Black "Mohota, Nisha"]
[Result "1-0"]
[WhiteElo "2480"]
[BlackElo "2321"]
[PlyCount "99"]
[EventDate "2003.07.21"]
[EventType "swiss"]
[EventRounds "11"]
[EventCountry "GBR"]
[SourceTitle "BritBase"]
[Source "John Saunders"]
[SourceDate "2008.07.14"]
[SourceVersion "1"]
[SourceVersionDate "2008.07.14"]
[SourceQuality "2"]

1. e4 d5 2. exd5 Qxd5 3. Nc3 Qa5 4. d4 Nf6 5. Nf3 Bf5 6. Bc4 c6 7. Bd2 e6 8.
Qe2 Bb4 9. Ne5 Nbd7 10. Nxd7 Kxd7 11. a3 Nd5 12. Bxd5 cxd5 13. O-O Bxc3 14.
Bxc3 Qc7 15. Rac1 Rac8 16. f3 Qc4 17. Qe3 f6 18. Rf2 h5 19. Bb4 Qa6 20. b3 Rc6
21. c4 dxc4 22. d5 exd5 23. Qe7+ Kc8 24. Qxg7 Rd8 25. bxc4 dxc4 26. Qh6 c3 27.
Qxh5 Bd3 28. Rxc3 Rxc3 29. Bxc3 Qxa3 30. Bb2 Qe7 31. Qa5 Bc4 32. Qf5+ Rd7 33.
g4 Bd3 34. Qxf6 Qxf6 35. Bxf6 b5 36. Bc3 Rc7 37. Ba5 Rc1+ 38. Kg2 Ra1 39. Bc3
Ra3 40. Bb2 Rb3 41. f4 a5 42. f5 a4 43. h4 Bc4 44. Bg7 a3 45. h5 Bd5+ 46. Kh2
Rb1 47. h6 Rh1+ 48. Kg3 a2 49. Rh2 Rg1+ 50. Kf2 1-0

[Event "GBR-ch90"]
[Site "Edinburgh"]
[Date "2003.07.21"]
[Round "1.16"]
[White "Meenakshi, Subbaraman"]
[Black "Gormally, Daniel W"]
[Result "0-1"]
[WhiteElo "2319"]
[BlackElo "2478"]
[PlyCount "94"]
[EventDate "2003.07.21"]
[EventType "swiss"]
[EventRounds "11"]
[EventCountry "GBR"]
[SourceTitle "BritBase"]
[Source "John Saunders"]
[SourceDate "2008.07.14"]
[SourceVersion "1"]
[SourceVersionDate "2008.07.14"]
[SourceQuality "2"]

1. d4 e6 2. c4 Bb4+ 3. Bd2 Qe7 4. Nf3 Nf6 5. a3 Bxd2+ 6. Nbxd2 d6 7. g3 e5 8.
dxe5 dxe5 9. e4 a5 10. Bg2 O-O 11. Rc1 Na6 12. Qc2 Nc5 13. b3 Bg4 14. O-O Rfd8
15. h3 Bh5 16. Rce1 Bxf3 17. Nxf3 Ne6 18. Qc3 Qxa3 19. Ra1 Qb4 20. Qxb4 axb4
21. Rxa8 Rxa8 22. Nxe5 Nc5 23. Rb1 Kf8 24. Rd1 Nxb3 25. Rb1 Ra3 26. c5 Nxc5 27.
Rxb4 Ra1+ 28. Kh2 Ra4 29. Rb5 b6 30. f3 Ra2 31. Rb1 Ne8 32. Rd1 Nd6 33. Nc6 g6
34. Nb4 Rb2 35. Nd5 Nc4 36. Rc1 Ne5 37. Kg1 Ned3 38. Ra1 c6 39. Nf6 Nb3 40.
Nd7+ Ke8 41. Rd1 Kxd7 42. Rxd3+ Ke7 43. e5 c5 44. f4 c4 45. Rc3 b5 46. g4 Nd4
47. Ra3 Ne2+ 0-1

[Event "GBR-ch90"]
[Site "Edinburgh"]
[Date "2003.07.21"]
[Round "1.18"]
[White "Muir, Andrew J"]
[Black "Neelotpal, Das"]
[Result "0-1"]
[WhiteElo "2316"]
[BlackElo "2462"]
[PlyCount "80"]
[EventDate "2003.07.21"]
[EventType "swiss"]
[EventRounds "11"]
[EventCountry "GBR"]
[SourceTitle "BritBase"]
[Source "John Saunders"]
[SourceDate "2008.07.14"]
[SourceVersion "1"]
[SourceVersionDate "2008.07.14"]
[SourceQuality "2"]

1. d4 Nf6 2. c4 e6 3. Nf3 b6 4. Nc3 Bb7 5. a3 d5 6. Bg5 Be7 7. e3 O-O 8. cxd5
exd5 9. Rc1 Nbd7 10. Bd3 c5 11. O-O a6 12. Bf5 Re8 13. Re1 c4 14. Ne5 b5 15. f4
Nf8 16. Qf3 Rb8 17. Rcd1 Ba8 18. Bxf6 Bxf6 19. e4 g6 20. Bh3 dxe4 21. Nxe4 Bh4
22. g3 f5 23. gxh4 Bxe4 24. Qg3 Rb6 25. h5 Rd6 26. hxg6 hxg6 27. Bg2 Bxg2 28.
Kxg2 Kg7 29. d5 Rxd5 30. Qc3 Rxd1 31. Rxd1 Qxd1 32. Ng4+ Kg8 33. Nf6+ Kf7 34.
Nxe8 Qe2+ 35. Kg1 Kxe8 36. Qf6 Qg4+ 37. Kh1 Qf3+ 38. Kg1 Qe3+ 39. Kg2 Qe2+ 40.
Kg1 Qe6 0-1

[Event "GBR-ch90"]
[Site "Edinburgh"]
[Date "2003.07.21"]
[Round "1.19"]
[White "Hossain, Enamul"]
[Black "Pritchett, Craig"]
[Result "1-0"]
[WhiteElo "2452"]
[BlackElo "2314"]
[PlyCount "70"]
[EventDate "2003.07.21"]
[EventType "swiss"]
[EventRounds "11"]
[EventCountry "GBR"]
[SourceTitle "BritBase"]
[Source "John Saunders"]
[SourceDate "2008.07.14"]
[SourceVersion "1"]
[SourceVersionDate "2008.07.14"]
[SourceQuality "2"]

1. e4 c5 2. Nf3 e6 3. d4 cxd4 4. Nxd4 a6 5. Nc3 b5 6. Bd3 d6 7. O-O Nf6 8. a4
b4 9. Na2 e5 10. Nb3 Nc6 11. Bd2 Qb6 12. a5 Qb7 13. Qe1 Rb8 14. f4 exf4 15.
Bxf4 Be7 16. Kh1 O-O 17. Nac1 Re8 18. Ne2 Ng4 19. Qg3 Nge5 20. Ned4 Nxd4 21.
Nxd4 Bf8 22. Bxe5 Rxe5 23. Nf3 Rh5 24. Ng5 Be6 25. Nxe6 fxe6 26. Qf3 g6 27. Qg4
Re5 28. Bc4 Qxe4 29. Qxe4 Rxe4 30. Bxa6 Re5 31. Bc4 Ra8 32. a6 Ra7 33. g3 d5
34. Bd3 Bd6 35. Ra5 d4 1-0

[Event "GBR-ch90"]
[Site "Edinburgh"]
[Date "2003.07.21"]
[Round "1.20"]
[White "Ghasi, Ameet"]
[Black "Sundararajan, Kidambi"]
[Result "0-1"]
[WhiteElo "2305"]
[BlackElo "2442"]
[PlyCount "84"]
[EventDate "2003.07.21"]
[EventType "swiss"]
[EventRounds "11"]
[EventCountry "GBR"]
[SourceTitle "BritBase"]
[Source "John Saunders"]
[SourceDate "2008.07.14"]
[SourceVersion "1"]
[SourceVersionDate "2008.07.14"]
[SourceQuality "2"]

1. Nf3 Nf6 2. g3 d5 3. Bg2 c6 4. O-O Bg4 5. d3 Nbd7 6. Nc3 e5 7. e4 dxe4 8.
Nxe4 Be7 9. h3 Bh5 10. Ned2 O-O 11. Re1 Qc7 12. b3 Bc5 13. Bb2 Rfe8 14. Ne4
Nxe4 15. dxe4 a5 16. c3 b5 17. a3 Nb6 18. Qc2 f6 19. Nd2 Bf7 20. Bf1 Red8 21.
b4 Bf8 22. Nb3 a4 23. Na5 Rxa5 24. bxa5 Nc4 25. Rad1 Qxa5 26. Bxc4 Bxc4 27.
Rxd8 Qxd8 28. Qd1 Qc8 29. Kh2 Be6 30. g4 Bc5 31. Qd2 Qf8 32. Ra1 h6 33. Kg2 Kh7
34. Bc1 Qf7 35. Qd3 Bc4 36. Qd8 Qe6 37. Kf3 Be7 38. Qc7 Bd3 39. Bd2 Bc5 40. Kg3
Bxe4 41. Re1 Qd5 42. Be3 Bg2 0-1

[Event "GBR-ch90"]
[Site "Edinburgh"]
[Date "2003.07.21"]
[Round "1.21"]
[White "Vijayalakshmi, Subbaraman"]
[Black "Swathi, Ghate"]
[Result "0-1"]
[WhiteElo "2435"]
[BlackElo "2299"]
[PlyCount "120"]
[EventDate "2003.07.21"]
[EventType "swiss"]
[EventRounds "11"]
[EventCountry "GBR"]
[SourceTitle "BritBase"]
[Source "John Saunders"]
[SourceDate "2008.07.14"]
[SourceVersion "1"]
[SourceVersionDate "2008.07.14"]
[SourceQuality "2"]

1. d4 d5 2. c4 c6 3. e3 Nf6 4. Nf3 Bf5 5. Nc3 e6 6. Nh4 Bg4 7. f3 Bh5 8. g3 Bd6
9. Be2 dxc4 10. O-O O-O 11. Bxc4 Nbd7 12. Qe2 e5 13. g4 Bg6 14. Nxg6 hxg6 15.
g5 exd4 16. gxf6 dxc3 17. fxg7 Kxg7 18. f4 Qe7 19. bxc3 Ba3 20. e4 Bxc1 21.
Raxc1 Rae8 22. e5 Rh8 23. Rf2 Rh4 24. Kh1 Rh3 25. Rg2 Qh4 26. Rf1 Nc5 27. e6
Nxe6 28. f5 Nc7 29. fxg6 f6 30. Qd2 Qxc4 31. Qd7+ Kg8 32. Rd1 Qe6 33. Qxc7 Re7
34. Qf4 Kg7 35. c4 Re3 36. h4 Re4 37. Qg3 Qxc4 38. h5 Rh4+ 39. Rh2 Qe4+ 40. Qg2
Rxh2+ 41. Kxh2 Qh4+ 42. Kg1 Qxh5 43. Qd2 Qg4+ 44. Kf2 Qf5+ 45. Kg3 Qxg6+ 46.
Kf2 Qf5+ 47. Kg3 Qg5+ 48. Qxg5+ fxg5 49. Rd6 Rc7 50. Kg4 c5 51. Kxg5 c4 52. Rd2
c3 53. Rc2 b5 54. Kf5 b4 55. Ke4 Rd7 56. Ke3 Kf6 57. Rh2 Rd1 58. Rh6+ Ke5 59.
Rc6 a5 60. a3 bxa3 0-1

[Event "GBR-ch90"]
[Site "Edinburgh"]
[Date "2003.07.21"]
[Round "1.22"]
[White "Greet, Andrew"]
[Black "Bakre, Tejas"]
[Result "0-1"]
[WhiteElo "2297"]
[BlackElo "2433"]
[PlyCount "116"]
[EventDate "2003.07.21"]
[EventType "swiss"]
[EventRounds "11"]
[EventCountry "GBR"]
[SourceTitle "BritBase"]
[Source "John Saunders"]
[SourceDate "2008.07.14"]
[SourceVersion "1"]
[SourceVersionDate "2008.07.14"]
[SourceQuality "2"]

1. d4 Nf6 2. c4 e6 3. Nc3 Bb4 4. Qc2 O-O 5. a3 Bxc3+ 6. Qxc3 b6 7. Bg5 Bb7 8.
f3 h6 9. Bh4 d5 10. e3 Nbd7 11. cxd5 exd5 12. Bd3 c5 13. Ne2 Qe7 14. Qd2 Rfe8
15. Bf2 Nf8 16. O-O Ne6 17. Rfe1 Rac8 18. Rad1 Qd7 19. Nc3 cxd4 20. exd4 Nf8
21. Re5 Qd8 22. Bh4 Ne6 23. Bb5 Rf8 24. Bxf6 Qxf6 25. Bd7 Rcd8 26. Bxe6 fxe6
27. Rde1 Bc8 28. Rc1 Bd7 29. Nd1 Rc8 30. Rxc8 Rxc8 31. Nc3 Be8 32. Re1 Bf7 33.
Ne2 Rc4 34. b3 Rc8 35. Rc1 Rxc1+ 36. Qxc1 e5 37. Qe3 exd4 38. Qxd4 Qe7 39. Kf2
Qxa3 40. b4 Qa2 41. Qe5 d4 42. Qxd4 Bc4 43. Qd8+ Kh7 44. Qe7 Qxe2+ 45. Qxe2
Bxe2 46. Kxe2 a6 47. f4 Kg6 48. g4 Kf6 49. Kd3 Ke6 50. Kc4 Kd6 51. h3 Ke6 52.
Kd4 a5 53. b5 a4 54. Kc4 a3 55. Kb3 Kd5 56. Kxa3 Ke4 57. Kb4 Kxf4 58. Kc4 Ke4
0-1

[Event "GBR-ch90"]
[Site "Edinburgh"]
[Date "2003.07.21"]
[Round "1.23"]
[White "Haslinger, Stewart"]
[Black "Bigg, Andrew J"]
[Result "1-0"]
[WhiteElo "2414"]
[BlackElo "2287"]
[PlyCount "77"]
[EventDate "2003.07.21"]
[EventType "swiss"]
[EventRounds "11"]
[EventCountry "GBR"]
[SourceTitle "BritBase"]
[Source "John Saunders"]
[SourceDate "2008.07.14"]
[SourceVersion "1"]
[SourceVersionDate "2008.07.14"]
[SourceQuality "2"]

1. e4 e6 2. d4 d5 3. Nd2 Nf6 4. e5 Nfd7 5. c3 c5 6. Bd3 Nc6 7. Ne2 cxd4 8. cxd4
f6 9. exf6 Nxf6 10. Nf3 Bd6 11. O-O O-O 12. Bg5 Qc7 13. Rc1 Bd7 14. Nc3 a6 15.
Bh4 Rae8 16. Bg3 Qb8 17. Bb1 Bxg3 18. hxg3 Qd6 19. Re1 e5 20. dxe5 Nxe5 21. Qd4
Nxf3+ 22. gxf3 Rxe1+ 23. Rxe1 Re8 24. Rxe8+ Bxe8 25. Ne4 Qe6 26. Bc2 Bf7 27.
Nc5 Qc8 28. Bb3 b6 29. Nd3 Qd8 30. Qa4 a5 31. Qc6 Be8 32. Qe6+ Bf7 33. Qc6 Be8
34. Qe6+ Bf7 35. Qe5 d4 36. Qb5 Bxb3 37. Qxb3+ Kf8 38. Nf4 Qd7 39. Qxb6 1-0